PROFESSIONAL ETHICS ACCOUNTABILITY FOR LAWYERS AND BENCH-BAR REGULATIONS (Record no. 8439)

MARC details
000 -LEADER
fixed length control field 00455nam a22001697a 4500
005 - DATE AND TIME OF LATEST TRANSACTION
control field 20231101110426.0
008 - FIXED-LENGTH DATA ELEMENTS--GENERAL INFORMATION
fixed length control field 231101b |||||||| |||| 00| 0 eng d
020 ## - INTERNATIONAL STANDARD BOOK NUMBER
ISBN 978-93-88267-33-5
041 ## - LANGUAGE CODE
Language code of text/sound track or separate title eng
082 ## - DEWEY DECIMAL CLASSIFICATION NUMBER
Classification number 341.01
100 ## - MAIN ENTRY--AUTHOR NAME
Personal name MATHUR, D.N
245 ## - TITLE STATEMENT
Title PROFESSIONAL ETHICS ACCOUNTABILITY FOR LAWYERS AND BENCH-BAR REGULATIONS
260 ## - PUBLICATION, DISTRIBUTION, ETC. (IMPRINT)
Place of publication ALLAHABAD
Name of publisher CENTRAL LAW PUBLICATIONS
Year of publication 2023
300 ## - PHYSICAL DESCRIPTION
Number of Pages 504;p
650 ## - SUBJECT ADDED ENTRY--TOPICAL TERM
Topical Term LAW
942 ## - ADDED ENTRY ELEMENTS (KOHA)
Koha item type Books
Holdings
Lost status Damaged status Collection code Home library Current library Shelving location Date acquired Source of acquisition Cost, normal purchase price Full call number Accession Number Koha item type
    Reference JRU Library JRU Library SHELF-1-C 31/10/2023 PURCHASE [LBI] 390.00 341.01 28007 Books
    LAW JRU Library JRU Library SHELF-30-D 31/10/2023 PURCHASE [LBI] 390.00 341.01 28008 Books
    LAW JRU Library JRU Library SHELF-30-D 31/10/2023 PURCHASE [LBI] 390.00 341.01 28009 Books
    LAW JRU Library JRU Library SHELF-30-D 31/10/2023 PURCHASE [LBI] 390.00 341.01 28010 Books
    LAW JRU Library JRU Library SHELF-30-D 31/10/2023 PURCHASE [LBI] 390.00 341.01 28011 Books